| 000 | 00829nam a22002055i 4500 | ||
|---|---|---|---|
| 001 | 178723 | ||
| 003 | ES-MaACL | ||
| 005 | 20230906220606.0 | ||
| 008 | 110613s1974 sp |||| | spa d | ||
| 080 | _a616.716 | ||
| 100 | 1 |
_aMata Pagés, Ramiro de la. _978895 |
|
| 245 | 1 | 1 |
_a"Reconstrucciones mandibulares" / _cresumen de la tesis presentada para aspirar al grado de doctor en medicina por Ramiro de la Mata Pages. |
| 260 |
_aBarcelona : _bUniversidad de Barcelona, Secretariado de Publicaciones, Intercambio Científico y Extensión Universitaria : _b[Ivern], _c1974. |
||
| 300 |
_a17 p. ; _c24 cm. |
||
| 500 | _aCub. tomada como port. | ||
| 504 | _aBibliografía: p. 18-19. | ||
| 650 | 0 | 4 |
_aMaxilares- _xCirugía. _9147158 |
| 710 | 2 |
_aUniversidad de Barcelona. _97141 |
|
| 852 |
_aES-MaACL _jE-15361 (126) _xOlim P-1374 |
||
| 999 |
_c178723 _d178723 |
||